• 首页
  • 本馆介绍
  • 公告通知
  • 最新文献
  • 馆藏检索
  • 电子资源
  • 读者导购
  • 参考咨询
  • 我的图书馆
  • 登录
  • 详细信息显示
  • 放入我的书架
  • 预约/预借图书
  • 作者相关作品
  • 分类相关作品
  • 丛书相关作品
  • 出版社相关作品

书目信息

  • 表格格式
  • 工作单格式
  • 卡片格式
题名:
木版画
    
 
作者: 李仲, 著
分册:  
出版信息: 重庆   西南师范大学出版社  2019.6
页数: 121页, [48] 页图版
开本: 27cm
丛书名: 现代版画艺术教程
单 册:
中图分类: J217
科图分类:
主题词: 版画技法--教材
电子资源:
ISBN: 978-7-5621-3800-6
000 00872nam 2200277 45
001 012001000849
005 20130909170656.0
010    @a978-7-5621-3800-6@dCNY58.00
099    @aCAL 012007095807
100    @a20070517d2007 ek y0chiy0110 ea
101 0  @achi
102    @aCN@b500000
105    @aaf a 000yy
106    @ar
200 1  @a木版画@Amu ban hua@f李仲著
210    @a重庆@c西南师范大学出版社@d2019.6
215    @a121页, [48] 页图版@c图 (部分彩图)@d27cm
225 2  @a现代版画艺术教程@Axian dai ban hua yi shu jiao cheng
320    @a有书目
330    @a本书包括七章内容,即:版画的性质、版画的基本概念、中国木刻版画的起源、中国最早的木刻版画等。
461  0 @12001 @a现代版画艺术教程
606 0  @a版画技法@j教材
690    @aJ217@v5
701  0 @a李仲,@Ali zhong@f1954-@4著
801    @aCN@b江苏凤凰@c20211018
905    @b1341273-6@dJ217@e1253@f4
    
    木版画/李仲著.-重庆:西南师范大学出版社,2019.6
    121页, [48] 页图版:图 (部分彩图);27cm.-(现代版画艺术教程)
    
    
    ISBN 978-7-5621-3800-6:CNY58.00
    本书包括七章内容,即:版画的性质、版画的基本概念、中国木刻版画的起源、中国最早的木刻版画等。
●
相关链接 在E读中查询图书 在五车中查询图书 在当当中查询图书 在豆瓣中查询图书


正题名:木版画     索取号:J217/1253         预约/预借

序号 登录号 条形码 馆藏地/架位号 状态 备注
1 1341273   213412733   第一样本阅览室/ [索取号:J217/1253] 在馆    
2 1341274   213412742   第一借阅区/ [索取号:J217/1253] 在馆    
3 1341275   213412751   第一借阅区/ [索取号:J217/1253] 在馆    
4 1341276   213412760   第一借阅区/ [索取号:J217/1253] 在馆    
唐山师范学院图书馆 欢迎您!
大连网信软件有限公司© 版权所有